Statistics for NBA Players from Serbia

Click here to take the quiz!

General Stats

  • This quiz has been taken 73 times
    (15 since last reset)
  • The average score is 14 of 32

Answer Stats

PositionPlayerDraft Year% Correct
CNikola Jokić2015-Present
91%
SGBogdan Bogdanović2017-Present
82%
PFNikola Jović2022-Present
82%
CVlade Divac1989-2005
82%
CBoban Marjanović2015-Present
73%
FPeja Stojaković1998-2011
73%
PGVasilije Micić2023-Present
73%
CAleksej Pokusevski2020-Present
55%
PGMiloš Teodosić2017-2019
55%
FCDarko Miličić2003-2012
45%
FCFilip Petrušev2023
45%
SGMarko Gudurić2019-2020
45%
PFNemanja Bjelica2015-Present
45%
SGNemanja Nedović2013-2014
45%
PFAlen Smailagić2019-2021
36%
CNenad Krstić2004-2011
36%
GFSasha Pavlović2003-2013
36%
PFVladimir Radmanović2001-2013
36%
CŽeljko Rebrača2001-2007
36%
SGAleksandar Đorđević1996
27%
CKosta Perović2007-2008
27%
GFMarko Jarić2002-2009
27%
CMile Ilić2006-2007
27%
CMiroslav Raduljica2013-2015
27%
CDragan Tarlać2000-2001
18%
GIgor Rakočević2002-2003
18%
CMiloš Babić1990-1991
18%
COgnjen Kuzmić2013-2015
18%
CRadisav Ćurčić1992-1993
18%
CRastko Cvetković1995-1996
18%
CSlavko Vraneš2003-2004
18%
FCŽarko Čabarkapa2003-2007
18%

Score Distribution

Percentile by Number Answered

Percent of People with Each Score

Your Score History

You have not taken this quiz since the last reset